El emperador Marco Tulio y su mujer piernas gordas / (Registro nro. 6683)
[ vista simple ]
| 000 -LEADER | |
|---|---|
| fixed length control field | 00741nam a22002055a 4500 |
| 005 - DATE AND TIME OF LATEST TRANSACTION | |
| control field | 20250329170350.0 |
| 007 - PHYSICAL DESCRIPTION FIXED FIELD--GENERAL INFORMATION | |
| fixed length control field | ta |
| 008 - FIXED-LENGTH DATA ELEMENTS--GENERAL INFORMATION | |
| fixed length control field | 060421s1996 ck gr 000 d spa |
| 015 ## - NATIONAL BIBLIOGRAPHY NUMBER | |
| National bibliography number | ck-1996-xxxx |
| 040 ## - CATALOGING SOURCE | |
| Original cataloging agency | CO-CtgCURN |
| Language of cataloging | spa |
| Transcribing agency | coctgcurn |
| 082 04 - DEWEY DECIMAL CLASSIFICATION NUMBER | |
| Classification number | 812.44 |
| Item number | P127 |
| Edition information | 20 |
| 100 1# - MAIN ENTRY--PERSONAL NAME | |
| Personal name | Paez Vargas, Yezid. |
| 245 13 - TITLE STATEMENT | |
| Title | El emperador Marco Tulio y su mujer piernas gordas / |
| Statement of responsibility, etc. | Yezid Páez Vargas. |
| 250 ## - EDITION STATEMENT | |
| Edition statement | 1a. ed. |
| 260 #1 - PUBLICATION, DISTRIBUTION, ETC. | |
| Place of publication, distribution, etc. | Cartagena de Indias : : |
| Name of publisher, distributor, etc. | Alcaldía Mayor de Cartagena de Indias : Secretaría de Educación y Cultura Distrital,, |
| Date of publication, distribution, etc. | 1996. |
| 300 ## - PHYSICAL DESCRIPTION | |
| Extent | 67 p. ; |
| Dimensions | 21 cm. |
| 650 14 - SUBJECT ADDED ENTRY--TOPICAL TERM | |
| Topical term or geographic name entry element | Drama colombiano |
| General subdivision | Siglo XX. |
| 942 ## - ADDED ENTRY ELEMENTS (KOHA) | |
| Source of classification or shelving scheme | Dewey Decimal Classification |
| Koha item type | Cartagena |
| Classification part | 812.44 |
| Item part | P126 |
| Withdrawn status | Lost status | Source of classification or shelving scheme | Damaged status | Not for loan | Collection | Home library | Current library | Shelving location | Date acquired | Inventory number | Total checkouts | Full call number | Barcode | Date last seen | Copy number | Price effective from | Koha item type | Public note |
|---|---|---|---|---|---|---|---|---|---|---|---|---|---|---|---|---|---|---|
| Dewey Decimal Classification | Cartagena | Miguel Henríquez Castañeda | Miguel Henríquez Castañeda | Cartagena | 03/21/2018 | 022046 | 812.44 P126 | 022046 | 03/21/2018 | ej.1 | 03/21/2018 | Cartagena | 810-LITNOR |